000 00692nam a2200265Ia 4500
005 20260121170727.0
008 008 260114s9999 xx 000 0 eng d
020 _a9783319902302
037 _aEBOOK
040 _aCRL
040 _beng
040 _cCRL
041 _2eng
041 _aeng
084 _qCRL
100 _aFlorent Thouvenin, Peter Hettich, Herbert Burkert, Urs Gasser
_91067416
245 0 _aRemembering and Forgetting in the Digital Age
260 _bSpringer
260 _bSpringer
260 _c2018
856 _uhttps://link.springer.com/openurl?genre=book&isbn=978-3-319-90230-2
942 _cEBOOK
999 _c1633146
_d1633146